Responses for show #4933 - Wednesday, February 8, 2006

2006 Teen Tournament quarterfinal game 3.

Contestants

[<< previous game]

Iddoshe Hirpa, a junior from Louisville, Kentucky

Joseph Graumann, a junior from Mays Landing, New Jersey

Camille Bullock, a senior from New Orleans, Louisiana

[next game >>]

Jeopardy! Round responses

WORLD GEOGRAPHY
ALL IN THE CELEBRITY FAMILY
MATH
STOCK SYMBOL PRIMER
COOKING CLASS
WORD ORIGINS
    $200 1
Greenland (or Iceland)

Iddoshe
    $200 6
Affleck

Camille
    $200 8
the diameter

Camille
    $200 26
Amazon.com

Camille
    $200 10
cones

Joseph
    $200 20
a dandelion

Joseph
    $400 2
Vietnam

Iddoshe
    $400 7
Olsen

Iddoshe
    $400 11
(Joseph: What is 64?)
...
(Alex: What is [*]? The sum of the numbers that had preceded it in the sequence.)

16

Joseph
Triple Stumper
    $400 27
Hershey's

Iddoshe
    $400 12
toast

Camille
    $400 22
a cafeteria

Iddoshe
    $600 3
India

Camille
    $600 9
Williams

Iddoshe
    $600 18
the hypotenuse

Camille
    $600 28
General Motors

Iddoshe
    $600 13
potatoes

Joseph
    $600 23
intramural

Camille
    $800 4
Morocco

Camille
    $800 16
the Dunsts

Camille
    $800 19
a variable

Iddoshe
    $800 29
Hilton

Iddoshe
    $800 14
limes

Iddoshe
    $1,800 24
(Alex: Yes, that's it. You worked it through, and you came up with the correct response.)

a coroner

Camille
    $1000 5
Tasmania

Camille
    $1000 17
the Culkins

Camille
    $1000 21
the union

Iddoshe
    $1000 30
Sirius (Satellite Radio)

Joseph
    $1000 15
a cranberry

Camille
    $1000 25
pumice

Iddoshe

Scores at the first commercial break (after clue 15):

Camille Joseph Iddoshe
$4,200 $400 $2,400

Scores at the end of the Jeopardy! Round:

Camille Joseph Iddoshe
$9,200 $1,600 $7,400

Double Jeopardy! Round responses

THE AMERICAN REVOLUTION
NEVER TOO OLD FOR CARTOONS
THE SCHOOL PLAY: ROMEO AND JULIET
GET INVOLVED
(Alex: You identify the school we have anagrammed in...)
COLLEGE OF LETTERS
(Alex: You have to tell us which is...)
ALPHABETICALLY FIRST
    $400 17
(Iddoshe: Who is Washington?)

Jefferson

JosephIddoshe
    $400 12
[ERRATUM: The name of the episode is "Cartman's Silly Hate Crime 2000".]

South Park

Camille
    $400 1
the chorus

Iddoshe
    $400 2
(Joseph: What is Buddy Ball?)

the Special Olympics

CamilleJoseph
    $400 7
(Iddoshe: What is [*] University?)

Brigham Young

Iddoshe
    $400 26
(Joseph: What is Antarctica?)

Africa

CamilleJoseph
    $4,000 21
(Joseph: What is a doctor?)
(Alex: Be more specific.)
(Joseph: What is a [*]?)
(Alex: That's the kind of doctor we're going for. You're right.)

a dentist

Joseph
    $800 13
The Simpsons

Camille
    $800 18
poison

Camille
    $800 3
the American Red Cross

Joseph
    $800 8
Princeton

Camille
    $800 27
Bashful

Iddoshe
    $1200 22
Yorktown

Iddoshe
    $1200 14
(Alex: You guys watch all these. Amazing.)

Family Guy

Iddoshe
    $3,600 19
sweet sorrow

Camille
    $1200 4
the Sierra Club

Joseph
    $1200 9
(Alex: And that would be a reference to the Fighting Irish of [*].)

Notre Dame

Triple Stumper
    $1200 28
April

Camille
    $1600 24
(Alex: The major who was hanged--[*].)

John André

Triple Stumper
    $1600 15
Samurai Jack

Iddoshe
    $1600 20
"Romeo, Romeo, wherefore art thou, Romeo?"

Joseph
    $1600 5
a Candy Striper

Iddoshe
    $1600 10
Purdue

Iddoshe
    $1600 29
Earth

Camille
    $2000 25
Fort Ticonderoga

Triple Stumper
    $2000 16
(Camille: What is Adult Swim?)
...
(Alex: What is [*]? Maybe swimming.)

Aqua Teen Hunger Force

Camille
Triple Stumper
    $2000 23
the Capulets

Camille
    $2000 6
Reading Is Fundamental

Iddoshe
    $2000 11
Vanderbilt

Iddoshe
    $2000 30
(Camille: What is Bolivia?)

Argentina

Camille
Triple Stumper

Scores at the end of the Double Jeopardy! Round:

Camille Joseph Iddoshe
$17,200 $8,800 $19,800

Final Jeopardy! Round responses

MILESTONES
(Alex: You take 1994, you subtract 25, that gives you 1969. What happened that was momentous in 1969?)
JosephWhat was the Apollo 11?
$2,200
CamilleWhat is man walking on the moon?
$3,800
IddosheWhat is first man on the moon?
$6,200
the Apollo 11 landing on the Moon

Final scores:

Camille Joseph Iddoshe
$21,000 $11,000 $26,000
2nd place: $5,000 if eliminated 3rd place: $5,000 if eliminated Automatic semifinalist

Game dynamics:

Coryat scores:

Camille Joseph Iddoshe
$13,800 $5,600 $19,800
23 R
(including 2 DDs),
2 W
9 R
(including 1 DD),
3 W
22 R,
1 W

Combined Coryat: $39,200

The J! Archive is created by fans, for fans. The Jeopardy! game show and all elements thereof, including but not limited to copyright and trademark thereto, are the property of Jeopardy Productions, Inc. and are protected under law. This website is not affiliated with, sponsored by, or operated by Jeopardy Productions, Inc. Join the discussion at JBoard.tv.